DTM Fahrer 2003 - Statistiken

Allgemein
  • Dieses Quiz wurde 3 mal gespielt
  • Das Durchschnittsergebnis liegt bei 11 aus 22
Antwortstatistiken
Team Nummer Marke Nation Fahrer % Korrekt
Vodafone AMG-Mercedes 3 Mercedes Deutschland Bernd Schneider
100%
Hasseröder ABT-Audi 2 Audi Deutschland Christian Abt
100%
Hasseröder ABT-Audi 1 Audi Frankreich Laurent Aiello
100%
OPC Team Holzer 7 Opel Deutschland Manuel Reuter
100%
PlayStation 2 Red Bull ABT-Audi 5 Audi Schweden Mattias Ekström
100%
OPC Team Phoenix 18 Opel Deutschland Timo Scheider
100%
AMG-Mercedes 10 Mercedes Frankreich Jean Alesi
67%
AMG-Mercedes 9 Mercedes Schweiz Marcel Fässler
67%
OPC Team Holzer 8 Opel Schweiz Alain Menu
33%
Original-Teile AMG-Mercedes 12 Mercedes Deutschland Bernd Mayländer
33%
ExpressService AMG-Mercedes 4 Mercedes Niederlande Christijan Albers
33%
Service 24h AMG-Mercedes(8) 24 Mercedes Großbritannien Gary Paffett
33%
OPC Euroteam 16 Opel Deutschland Joachim Winkelhock
33%
PlayStation 2 Red Bull ABT-Audi 6 Audi Österreich Karl Wendlinger
33%
S line Audi Junior Team 14 Audi Deutschland Martin Tomczyk
33%
Service 24h AMG-Mercedes(2) 24 Mercedes Niederlande Patrick Huisman
33%
OPC Team Phoenix 19 Opel Großbritannien Peter Dumbreck
33%
Service 24h AMG-Mercedes 42 Mercedes Deutschland Stefan Mücke
33%
OPC Euroteam 17 Opel Niederlande Jeoren Bleekemolen
0%
ARTA AMG-Mercedes 20 Mercedes Japan Katsutomo Kaneishi
0%
S line Audi Junior Team 15 Audi Deutschland Peter Terting
0%
Original-Teile AMG-Mercedes 11 Mercedes Deutschland Thomas Jäger
0%
Keine übereinstimmenden Quizze gefunden
Verteilung der Resultate
Anzahl Personen mit jedem Resultat
Perzentil nach korrekt beantworteten Fragen
Ihre Resultats-Entwicklung
Sie haben dieses Quiz noch nicht gespielt